Башня шутов: [фантастический роман]

Bibliographische Detailangaben
1. Verfasser: Сапковский А. Анджей
Zusammenfassung:Анджей Сапковский. Автор, чьи произведения в нашей стране не уступают популярностью Властелину Колец . Писатель, создавший «Ведьмака». Теперь легендарный циклзакончен. Мы расстались с Геральтом, Цири и Йеннифер... но Мастер дарит нам новую сагу — САГУ О РЕЙНЕВАНЕ! В лето Господне 1420 конец света... НЕ НАСТУПИЛ. Не был освобожден из заточения Сатана. Не сгорел и не погиб мир. Ну, во всяком случае — не весь. Но все равно — было ВЕСЕЛО.
Sprache:Russisch
Veröffentlicht: Москва, АСТ, 2008
Schriftenreihe:Век Дракона
Schlagworte:
Format: MixedMaterials Buch
KOHA link:https://koha.lib.tpu.ru/cgi-bin/koha/opac-detail.pl?biblionumber=124788

MARC

LEADER 00000nam0a2200000 4500
001 124788
005 20231031131124.0
010 |a 9785170231058 
010 |a 978-5-9713-0365-7 
010 |a 978-5-9762-1864-2 
035 |a (RuTPU)RU\TPU\book\135043 
090 |a 124788 
100 |a 20071107d2008 m y0rusy50 ca 
101 1 |a rus  |c pol 
102 |a RU 
105 |a a z 000ay 
200 1 |a Башня шутов  |e [фантастический роман]  |f А. Сапковский 
210 |a Москва  |c АСТ  |c АСТ Москва  |c Хранитель  |d 2008 
215 |a 699 с.  |c ил. 
225 1 |a Век Дракона 
330 |a Анджей Сапковский. Автор, чьи произведения в нашей стране не уступают популярностью Властелину Колец . Писатель, создавший «Ведьмака». Теперь легендарный циклзакончен. Мы расстались с Геральтом, Цири и Йеннифер... но Мастер дарит нам новую сагу — САГУ О РЕЙНЕВАНЕ! В лето Господне 1420 конец света... НЕ НАСТУПИЛ. Не был освобожден из заточения Сатана. Не сгорел и не погиб мир. Ну, во всяком случае — не весь. Но все равно — было ВЕСЕЛО. 
610 1 |a польская литература 
610 1 |a романы 
610 1 |a фэнтези 
675 |a 884  |v 3 
700 1 |a Сапковский  |b А.  |g Анджей 
801 1 |a RU  |b 63413507  |c 20071107  |g PSBO 
801 2 |a RU  |b 63413507  |c 20080304  |g PSBO 
942 |c BK 
959 |a 78/20071106  |d 1  |e 278,85  |f ХФ:1